Rules of engagement
| Main Author: | |
|---|---|
| Format: | Book |
| Published: |
Novato :
Lyford Books ,
1991
|
| Subjects: |
MARC
| LEADER | 00000cam a2200000 7i4500 | ||
|---|---|---|---|
| 001 | 0000006295 | ||
| 002 | 000006798 | ||
| 005 | 20080303.0 | ||
| 020 | |a 089141343X | ||
| 090 | 0 | 0 | |a F |b WEB |
| 100 | 1 | |a Weber, Joe | |
| 245 | 1 | 0 | |a Rules of engagement |c Joe Weber |
| 260 | |a Novato : |b Lyford Books , |c 1991 | ||
| 300 | |a 399p. ; |c 24cm. | ||
| 650 | 0 | 0 | |a Vietnamese conflict, 1961-1975 |x Fiction |
| 999 | |a 037895 |b BUKU |c PINJAMAN |e PERPUSTAKAAN KOMUNITI PETALING JAYA | ||